[Event "SBDU BEM 09/10"]
[Site "Wohndorf Laar"]
[Date "2009.09.11"]
[Round "1.1"]
[White "Kleff, Andre"]
[Black "Hamm, Siegfried"]
[Result "1-0"]
[WhiteElo "2094"]
[BlackElo "1658"]
[PlyCount "33"]
[EventDate "2009.??.??"]
[WhiteTeam "PSV Duisburg"]
[BlackTeam "OSC Rheinhausen"]

1. d4 f5 2. Nf3 Nf6 3. Bf4 e6 4. h3 Be7 5. e3 b6 6. c4 Bb7 7. Nc3 a5 8. a3 Nc6
9. Bd3 O-O 10. g4 Qe8 11. gxf5 Nh5 12. Bxc7 Bd8 13. Bxd8 Rxd8 14. Kd2 exf5 15.
d5 Ne7 16. Nb5 d6 17. Nc7 1-0

[Event "SBDU BEM 09/10"]
[Site "Wohndorf Laar"]
[Date "2009.09.11"]
[Round "1.2"]
[White "Junker, Bernd"]
[Black "Visser, Dirk"]
[Result "1/2-1/2"]
[WhiteElo "1643"]
[BlackElo "2006"]
[PlyCount "68"]
[EventDate "2009.??.??"]
[WhiteTeam "SG Meiderich/Ruhrort"]
[BlackTeam "SG Meiderich/Ruhrort"]

1. d4 d6 2. Nf3 g6 3. Bf4 Bg7 4. e3 Nd7 5. c3 e5 6. dxe5 dxe5 7. Bg3 Nh6 8. h3
Qe7 9. Be2 O-O 10. O-O Kh8 11. Nbd2 f6 12. Re1 Nb6 13. Nf1 Be6 14. Qc2 a5 15.
Rad1 a4 16. b3 axb3 17. axb3 Ra3 18. c4 Rfa8 19. Rb1 Qb4 20. Qd2 Qe7 21. e4 Nf7
22. Ne3 Bh6 23. Rb2 Rd8 24. Qc2 c6 25. Rd1 Rda8 26. Rdb1 Bg7 27. c5 Nd7 28. b4
Bh6 29. Nc4 R3a7 30. Rd1 Ra1 31. Rxa1 Rxa1+ 32. Rb1 Ra7 33. Qb2 Bg7 34. Ra1
Rxa1+ 1/2-1/2

[Event "SBDU BEM 09/10"]
[Site "Wohndorf Laar"]
[Date "2009.09.11"]
[Round "1.3"]
[White "Heinert, Eugen"]
[Black "Hampel, Ernst"]
[Result "1-0"]
[WhiteElo "2006"]
[BlackElo "1597"]
[PlyCount "49"]
[EventDate "2009.??.??"]
[WhiteTeam "OSC Rheinhausen"]
[BlackTeam "SG Duisburg-Nord"]

1. Nf3 c5 2. g3 Nc6 3. Bg2 Nf6 4. O-O d5 5. d3 Bg4 6. h3 Bxf3 7. Bxf3 Rb8 8.
Nd2 Ne5 9. Bg2 e6 10. c3 Qd7 11. f4 Ng6 12. e4 h6 13. f5 Ne5 14. fxe6 fxe6 15.
exd5 Nxd5 16. Qh5+ Nf7 17. Ne4 Be7 18. Qxf7+ Kd8 19. Qxg7 Kc7 20. c4 Rbg8 21.
Qe5+ Bd6 22. Nxd6 Qxd6 23. Qxd6+ Kxd6 24. cxd5 Rxg3 25. Bf4+ 1-0

[Event "SBDU BEM 09/10"]
[Site "Wohndorf Laar"]
[Date "2009.09.11"]
[Round "1.4"]
[White "Hoppe, Norbert"]
[Black "Horn, Stefan"]
[Result "0-1"]
[WhiteElo "1585"]
[BlackElo "1959"]
[PlyCount "82"]
[EventDate "2009.??.??"]
[WhiteTeam "SG Meiderich/Ruhrort"]
[BlackTeam "PSV Duisburg"]

1. e4 c5 2. Nf3 d6 3. d4 cxd4 4. Nxd4 Nf6 5. Nc3 a6 6. Bc4 e6 7. Qe2 b5 8. Bb3
Be7 9. O-O O-O 10. Kh1 Qc7 11. f4 Nc6 12. Nf3 b4 13. Nd1 a5 14. Bc4 Rd8 15. Nf2
d5 16. Bd3 Bb7 17. e5 Nd7 18. Re1 Nc5 19. Be3 Nxd3 20. Nxd3 Ba6 21. Qf2 Rdb8
22. Bc5 Rc8 23. Bxe7 Nxe7 24. Rac1 Bxd3 25. cxd3 Qxc1 26. Rxc1 Rxc1+ 27. Ng1 h5
28. h3 Rac8 29. Kh2 R1c2 30. Qa7 Ng6 31. Nf3 Nxf4 32. Kg3 Nxd3 33. Qxa5 h4+ 34.
Nxh4 Rxb2 35. Qa6 Rcc2 36. Nf3 Rxg2+ 37. Kh4 Nf4 38. Qc8+ Kh7 39. Ng5+ Kg6 40.
Qd8 Rbf2 41. Ne4 dxe4 0-1

[Event "SBDU BEM 09/10"]
[Site "Wohndorf Laar"]
[Date "2009.09.11"]
[Round "1.5"]
[White "Leers-Fischer, Hans"]
[Black "Naber, Armin"]
[Result "1-0"]
[WhiteElo "1941"]
[BlackElo "1572"]
[PlyCount "55"]
[EventDate "2009.??.??"]
[WhiteTeam "SG Meiderich/Ruhrort"]
[BlackTeam "SF Brett vor´m Kopp DU"]

1. Nf3 f5 2. e4 fxe4 3. Ng5 Nf6 4. d3 e5 5. Nc3 Bb4 6. Bd2 Bxc3 7. Bxc3 d6 8.
Nxe4 O-O 9. Be2 Nc6 10. O-O Bf5 11. Nxf6+ Rxf6 12. f4 Rf8 13. fxe5 Nxe5 14. Qd2
Qd7 15. Rae1 Rae8 16. Qg5 h6 17. Qg3 Ng4 18. Bd2 h5 19. h3 Nf6 20. Qg5 g6 21.
Bc3 Nh7 22. Qh6 Re6 23. Bf3 Rxe1 24. Rxe1 c6 25. g4 hxg4 26. hxg4 Bxd3 27. cxd3
Qf7 28. Re7 1-0

[Event "SBDU BEM 09/10"]
[Site "Wohndorf Laar"]
[Date "2009.09.11"]
[Round "1.6"]
[White "Duda, Karl-Heinz"]
[Black "Zielinski, Werner"]
[Result "0-1"]
[WhiteElo "1548"]
[BlackElo "1922"]
[PlyCount "92"]
[EventDate "2009.??.??"]
[WhiteTeam "SG Meiderich/Ruhrort"]
[BlackTeam "SG Meiderich/Ruhrort"]

1. e4 c5 2. Nf3 Nc6 3. Nc3 g6 4. Bc4 Bg7 5. O-O Nf6 6. d3 O-O 7. Bg5 h6 8. Be3
d6 9. h3 Na5 10. Bb3 a6 11. Ne2 c4 12. dxc4 Nxe4 13. Qc1 Kh7 14. a3 Qc7 15. Bd4
e5 16. Qe3 exd4 17. Qxe4 Bf5 18. Qf4 d3 19. Ned4 dxc2 20. Ba2 Bd3 21. Rfc1 Rae8
22. Qd2 Be4 23. Ne1 Nxc4 24. Bxc4 Qxc4 25. Nexc2 Bxc2 26. Nxc2 Bxb2 27. Ne3
Bxc1 28. Rxc1 Qf4 29. Rc4 Qe5 30. Rc7 Re7 31. Qc1 Rfe8 32. Rc3 f5 33. Qc2 a5
34. Qd2 f4 35. Nc2 b5 36. Rd3 Rc8 37. Nd4 Qe1+ 38. Qxe1 Rxe1+ 39. Kh2 Rcc1 40.
g4 b4 41. axb4 axb4 42. Nb5 Red1 43. Rb3 Rb1 44. Rxb1 Rxb1 45. Nxd6 b3 46. Nc4
b2 0-1

[Event "SBDU BEM 09/10"]
[Site "Wohndorf Laar"]
[Date "2009.09.11"]
[Round "1.7"]
[White "Sauer, Andreas"]
[Black "Hufnagel, Markus"]
[Result "1-0"]
[WhiteElo "1886"]
[BlackElo "1458"]
[PlyCount "107"]
[EventDate "2009.??.??"]
[WhiteTeam "SG Meiderich/Ruhrort"]
[BlackTeam "SG Duisburg-Nord"]

1. d4 Nf6 2. c4 d6 3. Nc3 Bf5 4. Nf3 h6 5. g3 e6 6. Bg2 Be7 7. Nh4 Bh7 8. Bxb7
Nbd7 9. Bxa8 Qxa8 10. Nf3 O-O 11. O-O c5 12. Be3 Nb6 13. b3 Ne4 14. Nxe4 Qxe4
15. Qd2 Bf5 16. Rad1 Rd8 17. dxc5 dxc5 18. Qa5 Ra8 19. Rfe1 Bh3 20. Bxc5 Bxc5
21. Qxc5 g5 22. Rd4 Qb7 23. Red1 Kh7 24. Qe5 Kg6 25. Qe4+ Qxe4 26. Rxe4 Bf5 27.
Red4 Rc8 28. Kg2 Kf6 29. Rd8 Rc7 30. Nd4 Bg6 31. Nb5 Rc5 32. f3 a6 33. Nc3 a5
34. Rb8 Nxc4 35. bxc4 Rxc4 36. Ne4+ Kg7 37. Rdd8 Bh7 38. Nd6 Rc2 39. Kf2 Rxa2
40. Rb7 Bg6 41. Nxf7 Bxf7 42. Rdd7 Kg6 43. Rxf7 a4 44. Ra7 a3 45. Rf8 Ra1 46.
Rfa8 Rh1 47. Kg2 Re1 48. e4 Re2+ 49. Kh3 h5 50. Rg8+ Kf6 51. Rxa3 Re1 52. Ra5
g4+ 53. fxg4 hxg4+ 54. Rxg4 1-0

[Event "SBDU BEM 09/10"]
[Site "Wohndorf Laar"]
[Date "2009.09.11"]
[Round "1.8"]
[White "Scharrenbroich, Torsten"]
[Black "Germann, Norbert"]
[Result "0-1"]
[WhiteElo "1447"]
[BlackElo "1847"]
[PlyCount "58"]
[EventDate "2009.??.??"]
[WhiteTeam "SG Meiderich/Ruhrort"]
[BlackTeam "SF Brett vor´m Kopp DU"]

1. d4 Nf6 2. c4 g6 3. Nc3 d5 4. cxd5 Nxd5 5. e4 Nxc3 6. bxc3 Bg7 7. Nf3 c5 8.
Bb5+ Bd7 9. Bxd7+ Qxd7 10. O-O O-O 11. Bb2 Nc6 12. d5 Na5 13. Qe2 b5 14. Rac1
Nc4 15. Ba1 Qc7 16. Nd2 Bh6 17. Rcd1 Nxd2 18. Rxd2 Bxd2 19. Qxd2 c4 20. Bb2 Qc5
21. Qh6 f5 22. Bc1 fxe4 23. Be3 Qxd5 24. Bd4 e5 25. Be3 Rf5 26. Qh4 a5 27. Qe7
Rf7 28. Qh4 b4 29. cxb4 axb4 0-1

[Event "SBDU BEM 09/10"]
[Site "Wohndorf Laar"]
[Date "2009.09.11"]
[Round "1.9"]
[White "Meinert, Thomas"]
[Black "Stermann, Sebastian"]
[Result "1/2-1/2"]
[WhiteElo "1816"]
[BlackElo "1436"]
[PlyCount "76"]
[EventDate "2009.??.??"]
[WhiteTeam "SG Meiderich/Ruhrort"]
[BlackTeam "SG Duisburg-Nord"]

1. c4 Nf6 2. Nc3 g6 3. g3 Bg7 4. Bg2 O-O 5. d3 d6 6. Bg5 c6 7. Qd2 e5 8. h4 Qc7
9. Bf3 h5 10. O-O-O Nbd7 11. Kb1 Nh7 12. Nh3 Ndf6 13. Rdg1 Be6 14. e4 Qd7 15.
Bg2 d5 16. cxd5 cxd5 17. f4 dxe4 {(=)} 18. fxe5 Ng4 19. dxe4 Bxe5 20. Qxd7 Bxd7
21. Bf4 Bxc3 22. bxc3 Bc6 23. e5 Bxg2 24. Rxg2 Rac8 25. Kb2 Rc5 26. Re2 Re8 27.
Rhe1 Rec8 28. Bd2 Re8 29. Bf4 Rec8 30. Bd2 Re8 31. e6 fxe6 32. Rxe6 Rxe6 33.
Rxe6 Kf7 34. Nf4 Nhf6 35. Re2 a6 36. Kb3 Ne5 37. a4 Nfg4 38. Re4 b5 1/2-1/2

[Event "SBDU BEM 09/10"]
[Site "Wohndorf Laar"]
[Date "2009.09.11"]
[Round "1.10"]
[White "Bajonczak, Helmut"]
[Black "Plückelmann, Thomas"]
[Result "0-1"]
[WhiteElo "1223"]
[BlackElo "1699"]
[PlyCount "102"]
[EventDate "2009.??.??"]
[WhiteTeam "OSC Rheinhausen"]
[BlackTeam "SG Duisburg-Nord"]

1. d4 d5 2. Nf3 c6 3. g3 Nf6 4. Bg2 Bf5 5. O-O e6 6. Nc3 Bd6 7. Bg5 Nbd7 8. Re1
h6 9. Bxf6 Nxf6 10. Ne5 O-O 11. e4 dxe4 12. Nxe4 Nxe4 13. Bxe4 Bxe5 14. dxe5
Qb6 15. Bxf5 exf5 16. b3 Qc5 17. Qc1 Rfe8 18. Qb2 Rad8 19. c4 Rd7 20. Re2 Qd4
21. Qxd4 Rxd4 22. f4 h5 23. h4 Kf8 24. Kg2 Ke7 25. Rc1 Red8 26. Rcc2 Rd3 27.
Kf2 a5 28. Rb2 c5 29. a4 R8d4 30. Kg2 Rc3 31. Red2 Rxd2+ 32. Rxd2 Rxb3 33. Rd5
b6 34. Rd6 Rb4 35. Kh2 Rxc4 36. Rxb6 Rb4 37. Ra6 Rxa4 38. Ra7+ Ke6 39. Ra6+ Ke7
40. Ra7+ Ke6 41. Ra6+ Kd5 42. Ra7 c4 43. Rxf7 c3 44. Rd7+ Ke6 45. Rd6+ Ke7 46.
Rc6 Ra2+ 47. Kh3 Rc2 48. Rc7+ Kd8 49. Ra7 Rc1 50. Rxa5 c2 51. e6 Rh1+ 0-1

[Event "SBDU BEM 09/10"]
[Site "Wohndorf Laar"]
[Date "2009.09.11"]
[Round "1.11"]
[White "Waschkewitz, Stefan"]
[Black "Straub, Peter"]
[Result "1-0"]
[WhiteElo "1688"]
[BlackElo "983"]
[PlyCount "47"]
[EventDate "2009.??.??"]
[WhiteTeam "SG Duisburg-Nord"]
[BlackTeam "SG Meiderich/Ruhrort"]

1. Nc3 e6 2. Nf3 d6 3. g3 c6 4. Bg2 Qc7 5. O-O Be7 6. d4 d5 7. e4 Nf6 8. e5
Nfd7 9. Bf4 O-O 10. Qd3 Qd8 11. Bh3 Re8 12. Ne2 Nf8 13. Kh1 f6 14. Rae1 f5 15.
Rg1 Ng6 16. g4 Nh4 17. gxf5 exf5 18. Ng5 Rf8 19. Qg3 Ng6 20. Nxh7 Rf7 21. Qxg6
Be6 22. Bg5 Bxg5 23. Nxg5 Qf8 24. Qh7# 1-0

[Event "SBDU BEM 09/10"]
[Site "Wohndorf Laar"]
[Date "2009.09.25"]
[Round "2.1"]
[White "Zielinski, Werner"]
[Black "Kleff, Andre"]
[Result "1/2-1/2"]
[WhiteElo "1922"]
[BlackElo "2094"]
[PlyCount "72"]
[EventDate "2009.??.??"]
[WhiteTeam "SG Meiderich/Ruhrort"]
[BlackTeam "PSV Duisburg"]

1. d4 c5 2. dxc5 e6 3. Nc3 Bxc5 4. Ne4 d5 5. Nxc5 Qa5+ 6. c3 Qxc5 7. e4 Nf6 8.
e5 Nfd7 9. Be3 Qc7 10. f4 g6 11. Nf3 Nc6 12. Bd3 b6 13. Qe2 Nc5 14. Bc2 Ba6 15.
Qd1 Ne4 16. Bd3 Bxd3 17. Qxd3 Na5 18. O-O Nc4 19. Bf2 a6 20. Rab1 Nxf2 21. Kxf2
b5 22. Rfe1 Rc8 23. Re2 Na5 24. Nd2 Qb6+ 25. Qe3 Qxe3+ 26. Kxe3 Nc4+ 27. Kd3
Nxd2 28. Rxd2 Rc4 29. Ke3 Ke7 30. Rd4 Rhc8 31. Rbd1 f6 32. R1d2 fxe5 33. fxe5
Rf8 34. Rxc4 bxc4 35. Rf2 Rb8 36. Kd4 Rb5 1/2-1/2

[Event "SBDU BEM 09/10"]
[Site "Wohndorf Laar"]
[Date "2009.09.25"]
[Round "2.2"]
[White "Germann, Norbert"]
[Black "Heinert, Eugen"]
[Result "0-1"]
[WhiteElo "1847"]
[BlackElo "2006"]
[PlyCount "148"]
[EventDate "2009.??.??"]
[WhiteTeam "SF Brett vor´m Kopp DU"]
[BlackTeam "OSC Rheinhausen"]

1. c4 c6 2. d4 d5 3. Nf3 Nf6 4. Nc3 e6 5. e3 Nbd7 6. Bd3 dxc4 7. Bxc4 b5 8. Bd3
b4 9. Ne4 Nxe4 10. Bxe4 Bb7 11. Qa4 Qb6 12. Bd2 Be7 13. O-O O-O 14. Rac1 Rac8
15. Ne5 Nxe5 16. dxe5 Ba6 17. Rfd1 Be2 18. Re1 Bb5 19. Qc2 g6 20. Bd3 Bxd3 21.
Qxd3 Rfd8 22. Qc2 Rd5 23. e4 Rc5 24. Qb3 Rxc1 25. Rxc1 Bc5 26. Qf3 Bd4 27. Qf6
Qd8 28. Bxb4 Qxf6 29. exf6 Bxb2 30. Rb1 Bxf6 31. Bc5 a5 32. Kf1 Be5 33. g3 Rb8
34. Rd1 Rb2 35. a3 Ra2 36. Rd8+ Kg7 37. Ra8 Bc3 38. Rc8 Bb2 39. Rxc6 Bxa3 40.
Bxa3 Rxa3 41. Ra6 Ra1+ 42. Ke2 a4 43. h4 Kf6 44. Ra5 a3 45. Ke3 e5 46. Ra6+ Ke7
47. Ra7+ Ke6 48. Ra6+ Kd7 49. Kf3 h5 50. Ra5 a2 51. Ra6 Kc7 52. Ra8 Kb6 53. Ra3
Kc5 54. Ra8 Kc4 55. Rc8+ Kd3 56. Rd8+ Kc3 57. Rc8+ Kd2 58. Ra8 Ke1 59. Kg2 Ke2
60. Ra7 f6 61. Ra8 g5 62. f3 Kd2 63. Ra7 gxh4 64. gxh4 Ke3 65. Ra3+ Kf4 66. Ra6
f5 67. exf5 Kxf5 68. Ra5 Kf4 69. Ra4+ Ke3 70. Ra3+ Ke2 71. Ra5 Kd3 72. Ra8 Re1
73. Rxa2 Re2+ 74. Rxe2 Kxe2 {und nach einigen weiteren Zügen (Schwarz bekommt
eine Dame):} 0-1

[Event "SBUD BEM 09/10"]
[Site "Wohndorf Laar"]
[Date "2009.09.22"]
[Round "2.3"]
[White "Horn, Stefan"]
[Black "Sauer, Andreas"]
[Result "1-0"]
[WhiteElo "1959"]
[BlackElo "1886"]
[PlyCount "65"]
[EventDate "2009.??.??"]
[WhiteTeam "PSV Duisburg"]
[BlackTeam "SG Meiderich/Ruhrort"]

1. e4 b6 2. d4 Bb7 3. Nc3 e6 4. Nf3 Bb4 5. Bd3 Nf6 6. Qe2 d5 7. e5 Ne4 8. Bd2
Nxc3 9. bxc3 Be7 10. h4 c5 11. Ng5 h6 12. Qh5 Bxg5 13. hxg5 Ba6 14. gxh6 gxh6
15. Bg5 Qc7 16. Bf6 Rg8 17. Qxh6 Bxd3 18. cxd3 Nd7 19. dxc5 Nxf6 20. Qxf6 Qxc5
21. Rc1 Rc8 22. Qf4 Qa3 23. O-O Qe7 24. c4 dxc4 25. Rxc4 Rxc4 26. Qxc4 Qb7 27.
f3 b5 28. Qc5 a6 29. Rc1 Rg5 30. Qd6 Qa7+ 31. d4 Qa8 32. Rc7 Qd8 33. Qc6+ 1-0

[Event "SBDU BEM 09/10"]
[Site "Wohndorf Laar"]
[Date "2009.09.25"]
[Round "2.4"]
[White "Plückelmann, Thomas"]
[Black "Leers-Fischer, Hans"]
[Result "0-1"]
[WhiteElo "1699"]
[BlackElo "1941"]
[PlyCount "74"]
[EventDate "2009.??.??"]
[WhiteTeam "SG Duisburg-Nord"]
[BlackTeam "SG Meiderich/Ruhrort"]

1. d4 Nf6 2. c4 g6 3. Nc3 Bg7 4. e4 d6 5. f4 O-O 6. Nf3 Na6 7. Be2 e5 8. fxe5
dxe5 9. d5 c6 10. O-O Ng4 11. h3 Qb6+ 12. Kh1 Nf2+ 13. Rxf2 Qxf2 14. d6 Rd8 15.
Bg5 f6 16. Bh4 Qc5 17. Qf1 Qxd6 18. Rd1 Qc7 19. Rxd8+ Qxd8 20. Nxe5 g5 21. Bxg5
Qd6 22. Bxf6 Qxf6 23. Nf3 Be6 24. Qf2 b6 25. Qg3 Rd8 26. Nd1 Nc5 27. Nc3 Bf7
28. Nh4 Bg6 29. Bf3 Nd3 30. Nxg6 hxg6 31. Nd1 Nxb2 32. Nxb2 Qxb2 33. Qxg6 Qc1+
34. Kh2 Qf4+ 35. Kh1 Qf6 36. Qg3 Kf8 37. Qc7 Qa1+ 0-1

[Event "SBDU BEM 09/10"]
[Site "Wohndorf Laar"]
[Date "2009.09.18"]
[Round "2.5"]
[White "Visser, Dirk"]
[Black "Waschkewitz, Stefan"]
[Result "1-0"]
[WhiteElo "2006"]
[BlackElo "1688"]
[Annotator "Dirk Visser"]
[PlyCount "67"]
[EventDate "2009.??.??"]
[WhiteTeam "SG Meiderich/Ruhrort"]
[BlackTeam "SG Duisburg-Nord"]

1. c4 Nf6 2. Nf3 g6 3. Nc3 Bg7 4. g3 O-O 5. Bg2 d6 6. O-O Nc6 7. d4 e5 8. d5
Ne7 9. e4 a5 10. Ne1 Ne8 11. Nd3 f5 12. f4 exf4 13. Bxf4 Nf6 14. e5 Ng4 15. e6
Bd4+ 16. Kh1 Ne3 17. Bxe3 Bxe3 18. Nf4 Rb8 19. Qd3 Bc5 20. Nh3 c6 21. Qd2 Qb6
22. Na4 $6 (22. Qg5 Qxb2 23. Na4 Qf6 24. Nxc5 Qxg5 25. Nxg5 dxc5 26. d6 h6 27.
Nf3 Bxe6 28. dxe7 Rfe8 $16) 22... Bb4 $6 (22... Be3 23. Nxb6 Bxd2 24. Rad1 Bb4
25. Nf4 $16) 23. Qg5 Qc7 24. Qh6 cxd5 25. cxd5 b5 26. Rac1 Qa7 (26... Qb7 27.
Ng5 Nxd5 28. e7 Qxe7 29. Bxd5+ Kh8 30. Nxh7 Qg7 31. Qxg7+ Kxg7 32. Rc7+ $18)
27. Ng5 Nc6 28. dxc6 Qe7 29. Nc3 Bc5 30. Rce1 Bd4 31. Nd5 Qg7 32. Qxg7+ Kxg7
33. e7 Re8 34. Nc7 1-0

[Event "SBDU BEM 09/10"]
[Site "Wohndorf Laar"]
[Date "2009.09.25"]
[Round "2.7"]
[White "Hamm, Siegfried"]
[Black "Meinert, Thomas"]
[Result "1/2-1/2"]
[WhiteElo "1658"]
[BlackElo "1816"]
[PlyCount "37"]
[EventDate "2009.??.??"]
[WhiteTeam "OSC Rheinhausen"]
[BlackTeam "SG Meiderich/Ruhrort"]

1. e4 c5 2. d4 cxd4 3. c3 d3 4. Nf3 Nc6 5. Bxd3 d6 6. O-O Nf6 7. h3 Bd7 8. Qe2
g6 9. Rd1 Qc7 10. Bf4 Bg7 11. Na3 a6 12. e5 Nh5 13. Bh2 dxe5 14. Nc4 Nf4 15.
Qe3 Nxd3 16. Rxd3 Bf5 17. Ncxe5 Nxe5 18. Nxe5 Rd8 19. Rxd8+ 1/2-1/2

[Event "SBDU BEM 09/10"]
[Site "Wohndorf Laar"]
[Date "2009.09.25"]
[Round "2.8"]
[White "Hampel, Ernst"]
[Black "Scharrenbroich, Torsten"]
[Result "0-1"]
[WhiteElo "1597"]
[BlackElo "1447"]
[PlyCount "52"]
[EventDate "2009.??.??"]
[WhiteTeam "SG Duisburg-Nord"]
[BlackTeam "SG Meiderich/Ruhrort"]

1. d4 Nf6 2. c4 g6 3. Nc3 d5 4. cxd5 Nxd5 5. e4 Nxc3 6. bxc3 Bg7 7. Bc4 O-O 8.
Be3 c5 9. Ne2 cxd4 10. cxd4 Nc6 11. Rc1 e5 12. d5 Nd4 13. Nxd4 exd4 14. Bd2 Re8
15. Bd3 f5 16. f3 fxe4 17. Bxe4 Qh4+ 18. g3 Qh3 19. Kf2 Bf5 20. Bxf5 Qxf5 21.
Qb3 d3 22. d6+ Kh8 23. Be3 Rxe3 24. Kxe3 Re8+ 25. Kf2 Re2+ 26. Kg1 Bd4+ 0-1

[Event "SBDU BEM 09/10"]
[Site "Wohndorf Laar"]
[Date "2009.09.25"]
[Round "2.9"]
[White "Hufnagel, Markus"]
[Black "Hoppe, Norbert"]
[Result "0-1"]
[WhiteElo "1458"]
[BlackElo "1585"]
[PlyCount "120"]
[EventDate "2009.??.??"]
[WhiteTeam "SG Duisburg-Nord"]
[BlackTeam "SG Meiderich/Ruhrort"]

1. Nf3 Nf6 2. c4 g6 3. g3 Bg7 4. Bg2 d6 5. Nc3 e5 6. d3 O-O 7. O-O Nbd7 8. Rb1
Nc5 9. Bg5 Ne6 10. Bd2 c6 11. b4 Qc7 12. e4 Bd7 13. Be3 b5 14. Qb3 a6 15. a4
Ng4 16. Bd2 Rab8 17. h3 Nf6 18. Be3 d5 19. cxd5 cxd5 20. exd5 bxa4 21. Qc4 Qxc4
22. dxc4 e4 23. Nd2 Nd8 24. Ncxe4 Nxe4 25. Bxe4 Bxh3 26. Rfe1 a3 27. Kh2 Bd7
28. Nb3 a2 29. Rbd1 Ba4 30. Bc2 Bxb3 31. Bxb3 a1=Q 32. Rxa1 Bxa1 33. Rxa1 Rxb4
34. Ra3 Nb7 35. c5 Rb8 36. Bf4 Rxf4 37. gxf4 Nxc5 38. Bc4 Rb4 39. Rc3 Ne4 40.
Rc2 a5 41. f3 Nd6 42. Be2 Rd4 43. Rc5 Rd2 44. Kg3 Rxe2 45. Rxa5 Rd2 46. Kg4 Kg7
47. Kh3 h5 48. Kg3 Kf6 49. Ra6 Rxd5 50. Ra2 Kf5 51. Rh2 Rd1 52. Rh4 Rd2 53. Rh1
Kf6 54. f5 Nxf5+ 55. Kh3 Rf2 56. Rg1 Rxf3+ 57. Kh2 g5 58. Kg2 Rg3+ 59. Kh1
Rxg1+ 60. Kxg1 g4 0-1

[Event "SBDU BEM 09/10"]
[Site "Wohndorf Laar"]
[Date "2009.09.25"]
[Round "2.10"]
[White "Naber, Armin"]
[Black "Bajonczak, Helmut"]
[Result "0-1"]
[WhiteElo "1572"]
[BlackElo "1223"]
[PlyCount "61"]
[EventDate "2009.??.??"]
[WhiteTeam "SF Brett vor´m Kopp DU"]
[BlackTeam "OSC Rheinhausen"]

1. f4 d5 2. Nf3 Nc6 3. e3 a6 4. b3 h6 5. Bb2 Bg4 6. Be2 e6 7. O-O f5 8. d3 Nf6
9. Nbd2 Bc5 10. d4 Be7 11. Ne5 Bxe2 12. Qxe2 Qd6 13. a4 O-O 14. Ba3 Qd8 15.
Nxc6 bxc6 16. Bxe7 Qxe7 17. Nf3 Ne4 18. Ne5 Qe8 19. Qe1 Rf6 20. Rf3 Kh7 21. Rh3
Nd6 22. Qa5 Ra7 23. Qc5 Rb7 24. Nxc6 Nc4 25. Qe7 Qxc6 26. Rc1 Rxb3 27. g4 fxg4
28. Rh4 Rg6 29. Kh1 Rxe3 30. Rxh6+ Kxh6 31. Qh4# 0-1

[Event "SBDU BEM 09/10"]
[Site "Wohndorf Laar"]
[Date "2009.09.25"]
[Round "2.11"]
[White "Straub, Peter"]
[Black "Duda, Karl-Heinz"]
[Result "0-1"]
[WhiteElo "983"]
[BlackElo "1548"]
[PlyCount "62"]
[EventDate "2009.??.??"]
[WhiteTeam "SG Meiderich/Ruhrort"]
[BlackTeam "SG Meiderich/Ruhrort"]

1. d4 d5 2. c3 e6 3. e3 c5 4. Be2 Nc6 5. h3 Nf6 6. Nf3 Bd6 7. Nbd2 Qc7 8. Nf1
a6 9. a3 b5 10. g4 Bb7 11. N1h2 h6 12. Rg1 Ne4 13. Bd3 Bxh2 14. Rg2 Bd6 15.
Bxe4 dxe4 16. Nd2 cxd4 17. cxd4 Ne7 18. a4 Bc6 19. Qc2 bxa4 20. Qd1 Bb4 21. g5
hxg5 22. Qg4 O-O-O 23. Kf1 Qb7 24. Kg1 Ng6 25. Nc4 Bd5 26. Ne5 Nxe5 27. dxe5 f6
28. Qg3 Bb3 29. Qg4 Rh4 30. Qg3 Qc7 31. Qh2 Rd1# 0-1

[Event "SBDU BEM 09/10"]
[Site "Wohndorf Laar"]
[Date "2009.10.09"]
[Round "3.1"]
[White "Heinert, Eugen"]
[Black "Horn, Stefan"]
[Result "1-0"]
[WhiteElo "2006"]
[BlackElo "1959"]
[PlyCount "27"]
[EventDate "2009.??.??"]
[WhiteTeam "OSC Rheinhausen"]
[BlackTeam "PSV Duisburg"]

1. d4 Nf6 2. c4 e6 3. Nf3 d5 4. g3 Be7 5. Bg2 O-O 6. O-O c6 7. Nbd2 Nbd7 8. Qc2
Re8 9. e4 Nxe4 10. Nxe4 dxe4 11. Qxe4 c5 12. Rd1 cxd4 13. Nxd4 Nf8 14. Bf4 1-0

[Event "SBDU BEM 09/10"]
[Site "Wohndorf Laar"]
[Date "2009.10.09"]
[Round "3.3"]
[White "Kleff, Andre"]
[Black "Junker, Bernd"]
[Result "1/2-1/2"]
[WhiteElo "2094"]
[BlackElo "1643"]
[PlyCount "123"]
[EventDate "2009.??.??"]
[WhiteTeam "PSV Duisburg"]
[BlackTeam "SG Meiderich/Ruhrort"]

1. d4 d5 2. Nf3 Nf6 3. e3 g6 4. c4 Bg7 5. Nc3 O-O 6. Bd2 dxc4 7. Bxc4 Nbd7 8.
b4 Nb6 9. Bb3 Nbd5 10. Nxd5 Nxd5 11. O-O c6 12. h3 Nc7 13. Rc1 Be6 14. a4 Bxb3
15. Qxb3 a6 16. Rfd1 e6 17. e4 h6 18. Bf4 Ne8 19. Be5 Nf6 20. Qe3 Kh7 21. Rb1
Nd7 22. Bxg7 Kxg7 23. d5 Qe8 24. dxc6 bxc6 25. Qc3+ Nf6 26. Nd4 c5 27. bxc5
Qxa4 28. Ra1 Qe8 29. f3 Qc8 30. Rdc1 Kh7 31. Ne2 Ne8 32. Nf4 Nc7 33. Nd3 Nb5
34. Qb2 Qd7 35. Nb4 Qd4+ 36. Qxd4 Nxd4 37. Rd1 Nb3 38. Rxa6 Nxc5 39. Rxa8 Rxa8
40. Rc1 Nb3 41. Rc7 Kg7 42. Nc6 Ra1+ 43. Kh2 Rc1 44. Rb7 Rxc6 45. Rxb3 h5 46.
Kg3 Rc7 47. e5 Ra7 48. f4 Rd7 49. Kf3 Kf8 50. g4 hxg4+ 51. Kxg4 Kg7 52. h4 f6
53. exf6+ Kxf6 54. Rb5 Rd1 55. h5 gxh5+ 56. Rxh5 Rg1+ 57. Kf3 Rf1+ 58. Ke3 Ra1
59. Rb5 Ra3+ 60. Ke4 Ra4+ 61. Kf3 Ra1 62. Kg3 1/2-1/2

[Event "SBDU BEM 09/10"]
[Site "Wohndorf Laar"]
[Date "2009.10.02"]
[Round "3.4"]
[White "Sauer, Andreas"]
[Black "Visser, Dirk"]
[Result "1/2-1/2"]
[WhiteElo "1886"]
[BlackElo "2006"]
[PlyCount "54"]
[EventDate "2009.??.??"]
[WhiteTeam "SG Meiderich/Ruhrort"]
[BlackTeam "SG Meiderich/Ruhrort"]

1. d4 g6 2. c4 Bg7 3. Nc3 d6 4. e4 Nf6 5. Be2 O-O 6. Bg5 Na6 7. Qd2 c5 8. d5
Qa5 9. Nf3 e6 10. O-O exd5 11. exd5 Bg4 12. a3 Rfe8 13. h3 Bxf3 14. Bxf3 Nd7
15. Rac1 Nc7 16. Be2 a6 17. Rfe1 b5 18. cxb5 axb5 19. Bf4 Qb6 20. Bf1 Ne5 21.
Rcd1 b4 22. axb4 Qxb4 23. Ne4 Qb6 24. Bh6 Bh8 25. Qg5 Nd7 26. Qg3 Ne5 27. Qg5
Nd7 1/2-1/2

[Event "SBDU BEM 09/10"]
[Site "Wohndorf Laar"]
[Date "2009.10.02"]
[Round "3.5"]
[White "Hoppe, Norbert"]
[Black "Germann, Norbert"]
[Result "1-0"]
[WhiteElo "1585"]
[BlackElo "1847"]
[PlyCount "125"]
[EventDate "2009.??.??"]
[WhiteTeam "SG Meiderich/Ruhrort"]
[BlackTeam "SF Brett vorm Kopp DU"]

1. e4 c5 2. Nf3 e6 3. d4 cxd4 4. Nxd4 Nf6 5. Nc3 d6 6. Bc4 Be7 7. Be3 O-O 8.
O-O Nxe4 9. Nxe4 d5 10. Bd3 dxe4 11. Bxe4 Nd7 12. Nb3 Qc7 13. Qe2 Nf6 14. Bf3
Bd7 15. c4 a6 16. a4 Rac8 17. Rfc1 Bc6 18. a5 Nd7 19. g3 Ne5 20. Bxc6 Qxc6 21.
Nd2 Rfd8 22. Rc3 Bb4 23. Rb3 Bxd2 24. Bxd2 Qxc4 25. Qxc4 Nxc4 26. Bc3 Nd6 27.
Rb6 Rd7 28. Rd1 Rcd8 29. Rdxd6 Rxd6 30. Rxb7 f6 31. Kg2 R8d7 32. Rb8+ Kf7 33.
h4 h5 34. Rh8 Kg6 35. Rb8 Rc6 36. Ra8 Rb7 37. Rd8 Kf5 38. Ra8 Rd7 39. Rh8 Kg6
40. Ra8 Rb7 41. Bd4 Kf5 42. Rh8 g6 43. Ra8 e5 44. Bc3 Rd7 45. Rb8 e4 46. Re8
Re6 47. Rf8 Rd3 48. Rc8 Kg4 49. Rc4 f5 50. Rc5 Rf3 51. Rc4 f4 52. Be1 fxg3 53.
fxg3 Re3 54. Rc5 Re2+ 55. Bf2 Rxf2+ 56. Kxf2 Rf6+ 57. Kg2 Rf5 58. Rc6 Rb5 59.
Rxg6+ Kf5 60. Rg5+ Ke6 61. Rxb5 axb5 62. a6 e3 63. Kf3 1-0